000 00406cam a22001337a 4500
008 180718b1993 xxu||||| |||| 00| 0 eng d
082 _aO91955 D628 R
245 _aDirectory of Indian wetlands, 1993
260 _aNew Delhi
_bWorld Wide Fund for Nature
_c1993
300 _a263p.
650 _aWetland Conservation Wetland Ecology
650 _aEnvironmental - Directory
650 _aWetlands - Directories
999 _c377707
_d377707